How To Stop Worrying And Start Living/ (Record no. 206906)

MARC details
000 -LEADER
fixed length control field 00586nam a22001817a 4500
005 - DATE AND TIME OF LATEST TRANSACTION
control field 20241106120303.0
010 ## - LCCN (DPL NO)
LC control number ENG-142575
020 ## - INTERNATIONAL STANDARD BOOK NUMBER
Terms of availability 395.00
International Standard Book Number 9789357943208
035 ## - SYSTEM CONTROL NUMBER
System control number EN-126107
037 ## - SOURCE OF ACQUISITION
Source of stock number/acquisition DBAD
082 ## - DEWEY DECIMAL CLASSIFICATION NUMBER
Classification number 152.46
100 ## - MAIN ENTRY--PERSONAL NAME
Personal name Carnegie, Dale
245 ## - TITLE STATEMENT
Title How To Stop Worrying And Start Living/
Statement of responsibility, etc By Dale Carnegie
260 ## - PUBLICATION, DISTRIBUTION, ETC. (IMPRINT)
Place of publication, distribution, etc New Delhi
Name of publisher, distributor, etc V&S Publishers
Date of publication, distribution, etc 2023
270 ## - ADDRESS
City New Delhi
Address F-2/16, Ansari Road, Daryaganj,
Postal code 110002
Electronic mail address info@vspublishers.com
300 ## - PHYSICAL DESCRIPTION
Extent 313p.
Dimensions 22cm(Pb)
Other physical details 7 Pages of Advertisement
942 ## - ADDED ENTRY ELEMENTS (KOHA)
Source of classification or shelving scheme Dewey Decimal Classification
Item type English Books
Classification part 152.46
Call number suffix CAR
Holdings
Withdrawn status Lost status Not for loan Collection code Home library Current library Date acquired Source of acquisition Cost, normal purchase price Full call number Barcode Copy number Cost, replacement price Koha item type
      Non-fiction Bawana Bawana 06/11/2024 DBAD 395.00 152.46 CAR EN-126107 1 395.00 English Books

© Delhi Public Library
Hit Counter
free hit counter